[Event "24th Bosnjaci Open 2019"]
[Site "Bosnjaci"]
[Date "2019.01.04"]
[Round "2.6"]
[White "Duda, Daniel"]
[Black "Ivekovic, Bozidar"]
[Result "0-1"]
[WhiteElo "1991"]
[BlackElo "2398"]
[Annotator "NA"]
[PlyCount "36"]
[EventDate "2019.01.03"]
[EventType "swiss"]
[EventCountry "CRO"]
[SourceTitle "playchess.com"]
[Source "ChessBase"]
[SourceQuality "1"]
[TimeControl "5400+30"]

1. d4 {[%emt 0:07:30]} Nf6 {[%emt 0:00:30]} 2. c4 {[%emt 0:00:30]} e6 {[%emt 0:00:30]} 3. Nc3 {[%emt 0:00:00]} Bb4 {[%emt 0:00:00]} 4. e3 {[%emt 0:00:00]} O-O {[%emt 0:03:00]} 5. Bd3 {[%emt 0:00:30]} d6 {[%emt 0:05:30]} 6. Nge2 {[%emt 0:03:30]} e5 {[%emt 0:06:30]} 7. O-O {[%emt 0:01:30]} Re8 {[%emt 0:02:30]} 8. Qc2 {[%emt 0:04:30]} c6 {[%emt 0:11:30]} 9. b3 {[%emt 0:04:30]} Qe7 {[%emt 0:15:30]} 10. f3 {[%emt 0:19:30]} d5 {[%emt 0:04:30]} 11. cxd5 {[%emt 0:11:30]} cxd5 {[%emt 0:00:00]} 12. Bxh7+ {[%emt 0:01:30]} Kh8 {[%emt 0:01:00]} 13. Bf5 {[%emt 0:08:30]} Nc6 {[%emt 0:00:30]} 14. Bd2 {[%emt 0:04:30]} exd4 {[%emt 0:02:30]} 15. Nxd4 {[%emt 0:08:30]} Nxd4 {[%emt 0:01:30]} 16. exd4 {[%emt 0:00:30]} Bxc3 {[%emt 0:02:30]} 17. Rae1 {[%emt 0:01:47]} Bxf5 {[%emt 0:00:30]} 18. Qxf5 {[%emt 0:00:43]} Qb4 {[%emt 0:01:30]} 0-1

[Event "24th Bosnjaci Open 2019"]
[Site "Bosnjaci"]
[Date "2019.01.04"]
[Round "2.7"]
[White "Zufic, Miroslav"]
[Black "Radovic, Sinisa"]
[Result "1-0"]
[WhiteElo "2389"]
[BlackElo "1955"]
[Annotator "NA"]
[PlyCount "73"]
[EventDate "2019.01.03"]
[EventType "swiss"]
[EventCountry "CRO"]
[SourceTitle "playchess.com"]
[Source "ChessBase"]
[SourceQuality "1"]
[TimeControl "5400+30"]

1. e4 {[%emt 0:00:30]} d6 {[%emt 0:00:30]} 2. d4 {[%emt 0:00:00]} Nf6 {[%emt 0:00:00]} 3. Nc3 {[%emt 0:00:00]} g6 {[%emt 0:00:00]} 4. Be3 {[%emt 0:00:30]} Bg7 {[%emt 0:00:30]} 5. Nf3 {[%emt 0:00:30]} c6 {[%emt 0:00:30]} 6. h3 {[%emt 0:02:30]} h6 {[%emt 0:01:30]} 7. Qd2 {[%emt 0:00:30]} b5 {[%emt 0:00:30]} 8. Bd3 {[%emt 0:00:30]} Nbd7 {[%emt 0:00:30]} 9. O-O {[%emt 0:04:30]} Nb6 {[%emt 0:00:30]} 10. b3 {[%emt 0:00:30]} Nfd7 {[%emt 0:03:30]} 11. Ne2 {[%emt 0:10:30]} Bb7 {[%emt 0:03:30]} 12. Rac1 {[%emt 0:06:30]} a6 {[%emt 0:02:30]} 13. c4 {[%emt 0:00:30]} Nc8 {[%emt 0:03:30]} 14. a4 {[%emt 0:09:30]} e6 {[%emt 0:09:30]} 15. Ng3 {[%emt 0:07:30]} bxc4 {[%emt 0:05:30]} 16. bxc4 {[%emt 0:01:30]} c5 {[%emt 0:04:30]} 17. d5 {[%emt 0:08:30]} a5 {[%emt 0:03:30]} 18. Rb1 {[%emt 0:00:30]} Ba6 {[%emt 0:00:30]} 19. dxe6 {[%emt 0:03:30]} fxe6 {[%emt 0:01:30]} 20. e5 {[%emt 0:00:00]} Nf8 {[%emt 0:02:30]} 21. Qc2 {[%emt 0:02:00]} Ne7 {[%emt 0:00:30]} 22. exd6 {[%emt 0:00:30]} Nf5 {[%emt 0:02:30]} 23. Bxc5 {[%emt 0:02:30]} Rc8 {[%emt 0:00:30]} 24. Ba3 {[%emt 0:00:30]} Kf7 {[%emt 0:00:30]} 25. c5 {[%emt 0:00:30]} Bxd3 {[%emt 0:01:30]} 26. Qxd3 {[%emt 0:00:30]} Nd7 {[%emt 0:01:30]} 27. Rb7 {[%emt 0:00:30]} Kg8 {[%emt 0:00:30]} 28. Nxf5 {[%emt 0:00:30]} gxf5 {[%emt 0:00:00]} 29. Nd4 {[%emt 0:01:30]} Qf6 {[%emt 0:04:00]} 30. Rxd7 {[%emt 0:05:30]} Qxd4 {[%emt 0:00:00]} 31. Qe2 {[%emt 0:02:30]} e5 {[%emt 0:02:00]} 32. Qa2+ {[%emt 0:02:30]} Kh7 {[%emt 0:00:00]} 33. Qf7 {[%emt 0:00:30]} Rhg8 {[%emt 0:00:00]} 34. Qxf5+ {[%emt 0:00:00]} Kh8 {[%emt 0:00:30]} 35. Qg4 {[%emt 0:01:00]} e4 {[%emt 0:01:30]} 36. Rd1 {[%emt 0:01:30]} Qe5 {[%emt 0:01:30]} 37. Re7 {[%emt 0:00:30]} 1-0

[Event "24th Bosnjaci Open 2019"]
[Site "Bosnjaci"]
[Date "2019.01.04"]
[Round "2.8"]
[White "Pasalic, Adnan"]
[Black "Muratovic, Efim"]
[Result "0-1"]
[WhiteElo "1973"]
[BlackElo "2389"]
[Annotator "NA"]
[PlyCount "67"]
[EventDate "2019.01.03"]
[EventType "swiss"]
[EventCountry "CRO"]
[SourceTitle "playchess.com"]
[Source "ChessBase"]
[SourceQuality "1"]
[TimeControl "5400+30"]

1. d4 {[%emt 0:00:30]} e6 {[%emt 0:01:30]} 2. c4 {[%emt 0:00:30]} c5 {[%emt 0:01:30]} 3. d5 {[%emt 0:00:30]} exd5 {[%emt 0:00:30]} 4. cxd5 {[%emt 0:00:00]} d6 {[%emt 0:00:30]} 5. e4 {[%emt 0:01:00]} Ne7 {[%emt 0:00:00]} 6. Bd3 {[%emt 0:00:30]} Ng6 {[%emt 0:00:00]} 7. Ne2 {[%emt 0:02:30]} Be7 {[%emt 0:00:30]} 8. O-O {[%emt 0:00:30]} O-O {[%emt 0:00:30]} 9. Nbc3 {[%emt 0:00:30]} a6 {[%emt 0:05:30]} 10. a4 {[%emt 0:00:30]} Bf6 {[%emt 0:00:30]} 11. Kh1 {[%emt 0:03:30]} Re8 {[%emt 0:00:30]} 12. a5 {[%emt 0:05:30]} Ne5 {[%emt 0:06:30]} 13. f4 {[%emt 0:02:30]} Nxd3 {[%emt 0:00:30]} 14. Qxd3 {[%emt 0:00:00]} Bg4 {[%emt 0:03:30]} 15. Bd2 {[%emt 0:08:00]} Bxe2 {[%emt 0:03:30]} 16. Qxe2 {[%emt 0:11:30]} Nd7 {[%emt 0:00:00]} 17. Qf3 {[%emt 0:11:30]} Qe7 {[%emt 0:18:00]} 18. Rae1 {[%emt 0:01:30]} Bd4 {[%emt 0:00:00]} 19. Re2 {[%emt 0:06:30]} f6 {[%emt 0:11:00]} 20. Rfe1 {[%emt 0:05:30]} Rab8 {[%emt 0:07:30]} 21. Qd3 {[%emt 0:03:30]} Qf7 {[%emt 0:05:30]} 22. Na4 {[%emt 0:10:30]} f5 {[%emt 0:02:30]} 23. exf5 {[%emt 0:03:30]} Rxe2 {[%emt 0:00:30]} 24. Qxe2 {[%emt 0:00:30]} Nf6 {[%emt 0:16:40]} 25. Qe6 {[%emt 0:00:30]} Re8 {[%emt 0:00:11]} 26. Qxd6 {[%emt 0:01:54]} Ne4 {[%emt 0:00:29]} 27. Rxe4 {[%emt 0:02:49]} Rxe4 {[%emt 0:00:07]} 28. Nxc5 {[%emt 0:02:55]} Bxc5 {[%emt 0:01:38]} 29. Qxc5 {[%emt 0:00:06]} Qxf5 {[%emt 0:01:30]} 30. h3 {[%emt 0:02:25]} h5 {[%emt 0:01:12]} 31. Kg1 {[%emt 0:10:17]} Re2 {[%emt 0:00:44]} 32. Bb4 {[%emt 0:03:17]} Qe4 {[%emt 0:01:06]} 33. Bc3 {[%emt 0:01:17]} Qe7 {[%emt 0:00:30]} 34. Bd2 {[%emt 0:00:30]} 0-1

[Event "24th Bosnjaci Open 2019"]
[Site "Bosnjaci"]
[Date "2019.01.04"]
[Round "2.9"]
[White "Beletic, Daniel"]
[Black "Golubicic, Luka"]
[Result "1-0"]
[WhiteElo "2371"]
[BlackElo "1933"]
[Annotator "NA"]
[PlyCount "49"]
[EventDate "2019.01.03"]
[EventType "swiss"]
[EventCountry "CRO"]
[SourceTitle "playchess.com"]
[Source "ChessBase"]
[SourceQuality "1"]
[TimeControl "5400+30"]

1. d4 {[%emt 0:00:30]} d5 {[%emt 0:01:30]} 2. Bf4 {[%emt 0:01:30]} e6 {[%emt 0:00:00]} 3. e3 {[%emt 0:00:00]} Nf6 {[%emt 0:00:00]} 4. Nd2 {[%emt 0:00:00]} c5 {[%emt 0:00:30]} 5. c3 {[%emt 0:00:30]} Nc6 {[%emt 0:00:30]} 6. Ngf3 {[%emt 0:00:30]} Be7 {[%emt 0:02:30]} 7. Ne5 {[%emt 0:01:30]} Nxe5 {[%emt 0:00:30]} 8. dxe5 {[%emt 0:00:00]} Nd7 {[%emt 0:00:30]} 9. h4 {[%emt 0:01:00]} Qc7 {[%emt 0:00:30]} 10. Qg4 {[%emt 0:02:30]} O-O {[%emt 0:04:30]} 11. Nf3 {[%emt 0:01:30]} Re8 {[%emt 0:14:30]} 12. Bd3 {[%emt 0:00:30]} Qb6 {[%emt 0:01:30]} 13. Rb1 {[%emt 0:18:30]} f5 {[%emt 0:00:30]} 14. Qh5 {[%emt 0:07:30]} g6 {[%emt 0:08:30]} 15. Qh6 {[%emt 0:00:30]} Bf8 {[%emt 0:01:30]} 16. Qg5 {[%emt 0:00:30]} Qd8 {[%emt 0:04:30]} 17. Qg3 {[%emt 0:00:30]} Bg7 {[%emt 0:00:30]} 18. h5 {[%emt 0:00:00]} Nf8 {[%emt 0:00:30]} 19. hxg6 {[%emt 0:02:00]} Nxg6 {[%emt 0:00:30]} 20. Qh3 {[%emt 0:01:30]} Nxf4 {[%emt 0:02:30]} 21. exf4 {[%emt 0:03:30]} h6 {[%emt 0:05:30]} 22. g4 {[%emt 0:00:30]} fxg4 {[%emt 0:01:30]} 23. Qxg4 {[%emt 0:00:30]} Rf8 {[%emt 0:01:30]} 24. Rxh6 {[%emt 0:00:30]} Rxf4 {[%emt 0:00:30]} 25. Qxf4 {[%emt 0:00:30]} 1-0

[Event "24th Bosnjaci Open 2019"]
[Site "Bosnjaci"]
[Date "2019.01.04"]
[Round "2.10"]
[White "Jelic, Ivan"]
[Black "Klasan, Vladimir"]
[Result "0-1"]
[WhiteElo "1937"]
[BlackElo "2364"]
[Annotator "NA"]
[PlyCount "120"]
[EventDate "2019.01.03"]
[EventType "swiss"]
[EventCountry "CRO"]
[SourceTitle "playchess.com"]
[Source "ChessBase"]
[SourceQuality "1"]
[TimeControl "5400+30"]

1. e4 {[%emt 0:03:30]} d5 {[%emt 0:00:30]} 2. exd5 {[%emt 0:00:00]} Qxd5 {[%emt 0:00:30]} 3. Nc3 {[%emt 0:00:00]} Qd6 {[%emt 0:00:00]} 4. d4 {[%emt 0:00:00]} Nf6 {[%emt 0:00:00]} 5. Nf3 {[%emt 0:00:00]} a6 {[%emt 0:00:30]} 6. Ne5 {[%emt 0:04:30]} Nc6 {[%emt 0:01:30]} 7. Nxc6 {[%emt 0:02:30]} Qxc6 {[%emt 0:00:30]} 8. d5 {[%emt 0:03:30]} Qd6 {[%emt 0:00:30]} 9. g3 {[%emt 0:00:30]} Bg4 {[%emt 0:08:30]} 10. Qd3 {[%emt 0:02:30]} Qe5+ {[%emt 0:07:30]} 11. Be2 {[%emt 0:00:30]} O-O-O {[%emt 0:03:30]} 12. f3 {[%emt 0:12:30]} Bf5 {[%emt 0:09:30]} 13. Bf4 {[%emt 0:05:30]} Bxd3 {[%emt 0:06:30]} 14. Bxe5 {[%emt 0:00:30]} Bxe2 {[%emt 0:00:30]} 15. Kxe2 {[%emt 0:02:30]} Nxd5 {[%emt 0:00:30]} 16. Rhd1 {[%emt 0:00:30]} e6 {[%emt 0:04:30]} 17. Rd3 {[%emt 0:02:30]} f6 {[%emt 0:01:30]} 18. Nxd5 {[%emt 0:00:30]} exd5 {[%emt 0:07:30]} 19. Bc3 {[%emt 0:01:30]} h5 {[%emt 0:02:30]} 20. a4 {[%emt 0:03:30]} h4 {[%emt 0:02:30]} 21. g4 {[%emt 0:00:00]} Re8+ {[%emt 0:06:30]} 22. Kf1 {[%emt 0:01:00]} h3 {[%emt 0:01:30]} 23. Rxd5 {[%emt 0:02:30]} Bd6 {[%emt 0:00:30]} 24. Rd2 {[%emt 0:01:30]} Bf4 {[%emt 0:18:30]} 25. Rf2 {[%emt 0:02:30]} Be3 {[%emt 0:03:26]} 26. Re2 {[%emt 0:00:00]} Bf4 {[%emt 0:01:06]} 27. Rae1 {[%emt 0:06:00]} Rxe2 {[%emt 0:01:13]} 28. Rxe2 {[%emt 0:00:00]} Rd8 {[%emt 0:03:44]} 29. Ke1 {[%emt 0:01:00]} Kd7 {[%emt 0:02:32]} 30. Bd2 {[%emt 0:00:30]} Be5 {[%emt 0:00:07]} 31. c3 {[%emt 0:05:30]} Kc6 {[%emt 0:01:11]} 32. f4 {[%emt 0:00:30]} Bd6 {[%emt 0:00:06]} 33. Kf2 {[%emt 0:00:30]} Kd5 {[%emt 0:02:46]} 34. b3 {[%emt 0:02:30]} b5 {[%emt 0:01:05]} 35. axb5 {[%emt 0:00:30]} axb5 {[%emt 0:00:05]} 36. Kg3 {[%emt 0:05:30]} Rh8 {[%emt 0:00:14]} 37. Kf3 {[%emt 0:01:30]} Ra8 {[%emt 0:00:32]} 38. Be3 {[%emt 0:00:30]} c5 {[%emt 0:01:46]} 39. Rd2+ {[%emt 0:00:30]} Kc6 {[%emt 0:00:18]} 40. Kg3 {[%emt 0:03:30]} Re8 {[%emt 0:00:05]} 41. Kf3 {[%emt 0:00:30]} Ra8 {[%emt 0:01:18]} 42. Kg3 {[%emt 0:00:30]} g5 {[%emt 0:01:36]} 43. Kxh3 {[%emt 0:00:30]} gxf4 {[%emt 0:00:29]} 44. Bg1 {[%emt 0:00:30]} f3 {[%emt 0:00:34]} 45. g5 {[%emt 0:00:30]} f5 {[%emt 0:00:52]} 46. Bf2 {[%emt 0:00:30]} Bf4 {[%emt 0:00:07]} 47. Rd3 {[%emt 0:01:30]} Rh8+ {[%emt 0:00:06]} 48. Bh4 {[%emt 0:00:00]} Bxg5 {[%emt 0:00:33]} 49. Rxf3 {[%emt 0:00:00]} Rxh4+ {[%emt 0:00:11]} 50. Kg3 {[%emt 0:00:30]} Rg4+ {[%emt 0:00:39]} 51. Kh3 {[%emt 0:00:00]} Rf4 {[%emt 0:00:41]} 52. Rg3 {[%emt 0:00:00]} Rh4+ {[%emt 0:00:27]} 53. Kg2 {[%emt 0:00:30]} Rg4 {[%emt 0:00:31]} 54. Rxg4 {[%emt 0:00:30]} fxg4 {[%emt 0:00:07]} 55. Kg3 {[%emt 0:00:00]} Bf6 {[%emt 0:00:16]} 56. c4 {[%emt 0:00:00]} Be5+ {[%emt 0:00:07]} 57. Kxg4 {[%emt 0:00:30]} Bxh2 {[%emt 0:00:15]} 58. Kf5 {[%emt 0:00:30]} bxc4 {[%emt 0:00:17]} 59. bxc4 {[%emt 0:00:00]} Kb6 {[%emt 0:00:02]} 60. Ke4 {[%emt 0:00:00]} Ka5 {[%emt 0:00:15]} 0-1

[Event "24th Bosnjaci Open 2019"]
[Site "Bosnjaci"]
[Date "2019.01.04"]
[Round "2.11"]
[White "Zovko, Mario"]
[Black "Dejanovic, Tereza"]
[Result "1-0"]
[WhiteElo "2318"]
[BlackElo "1916"]
[Annotator "NA"]
[PlyCount "95"]
[EventDate "2019.01.03"]
[EventType "swiss"]
[EventCountry "CRO"]
[SourceTitle "playchess.com"]
[Source "ChessBase"]
[SourceQuality "1"]
[TimeControl "5400+30"]

1. d4 {[%emt 0:00:30]} d5 {[%emt 0:00:30]} 2. Nc3 {[%emt 0:00:30]} Nf6 {[%emt 0:00:00]} 3. Bg5 {[%emt 0:00:00]} e6 {[%emt 0:00:00]} 4. e4 {[%emt 0:00:00]} Be7 {[%emt 0:04:30]} 5. e5 {[%emt 0:00:30]} Nfd7 {[%emt 0:01:30]} 6. Bxe7 {[%emt 0:01:30]} Qxe7 {[%emt 0:00:30]} 7. f4 {[%emt 0:00:30]} a6 {[%emt 0:02:30]} 8. Nf3 {[%emt 0:01:30]} c5 {[%emt 0:01:30]} 9. Qd2 {[%emt 0:08:30]} Nc6 {[%emt 0:07:30]} 10. dxc5 {[%emt 0:06:30]} Nxc5 {[%emt 0:04:30]} 11. Bd3 {[%emt 0:00:30]} b5 {[%emt 0:03:30]} 12. a3 {[%emt 0:00:30]} Bb7 {[%emt 0:05:30]} 13. Ne2 {[%emt 0:03:30]} Rc8 {[%emt 0:13:30]} 14. O-O {[%emt 0:04:30]} Nxd3 {[%emt 0:03:30]} 15. cxd3 {[%emt 0:04:30]} O-O {[%emt 0:03:30]} 16. Rac1 {[%emt 0:10:30]} Rc7 {[%emt 0:05:30]} 17. Ned4 {[%emt 0:10:30]} Rfc8 {[%emt 0:04:30]} 18. Nxc6 {[%emt 0:02:30]} Rxc6 {[%emt 0:01:30]} 19. Nd4 {[%emt 0:04:30]} R6c7 {[%emt 0:02:30]} 20. b4 {[%emt 0:04:30]} Qd7 {[%emt 0:14:02]} 21. h3 {[%emt 0:02:30]} h6 {[%emt 0:03:47]} 22. g4 {[%emt 0:00:30]} Qe7 {[%emt 0:01:17]} 23. Kg2 {[%emt 0:03:30]} Qh4 {[%emt 0:04:40]} 24. Rxc7 {[%emt 0:00:30]} Rxc7 {[%emt 0:00:04]} 25. Kh2 {[%emt 0:00:30]} Qd8 {[%emt 0:02:17]} 26. Rc1 {[%emt 0:01:30]} Qc8 {[%emt 0:02:21]} 27. Rxc7 {[%emt 0:00:30]} Qxc7 {[%emt 0:00:02]} 28. Qc2 {[%emt 0:00:00]} Qe7 {[%emt 0:03:13]} 29. Kg3 {[%emt 0:05:00]} g5 {[%emt 0:00:24]} 30. fxg5 {[%emt 0:01:30]} Qxg5 {[%emt 0:00:29]} 31. Nf3 {[%emt 0:00:00]} Qd8 {[%emt 0:04:44]} 32. d4 {[%emt 0:01:00]} a5 {[%emt 0:01:17]} 33. Qc5 {[%emt 0:00:30]} axb4 {[%emt 0:00:20]} 34. axb4 {[%emt 0:00:30]} Qd7 {[%emt 0:00:54]} 35. Kf4 {[%emt 0:01:30]} Kg7 {[%emt 0:00:31]} 36. h4 {[%emt 0:00:30]} Qe8 {[%emt 0:00:35]} 37. Ne1 {[%emt 0:01:30]} Bc8 {[%emt 0:00:11]} 38. Nd3 {[%emt 0:00:30]} Qd8 {[%emt 0:00:20]} 39. Kg3 {[%emt 0:00:30]} Qe8 {[%emt 0:00:29]} 40. Nf4 {[%emt 0:00:30]} Bd7 {[%emt 0:00:48]} 41. Nh5+ {[%emt 0:00:00]} Kh8 {[%emt 0:00:15]} 42. Qc1 {[%emt 0:02:38]} Qf8 {[%emt 0:00:14]} 43. Nf6 {[%emt 0:00:49]} Bc8 {[%emt 0:00:09]} 44. g5 {[%emt 0:00:43]} hxg5 {[%emt 0:00:13]} 45. hxg5 {[%emt 0:00:32]} Kg7 {[%emt 0:00:52]} 46. Nh5+ {[%emt 0:00:53]} Kg6 {[%emt 0:01:31]} 47. Kg4 {[%emt 0:00:11]} f5+ {[%emt 0:00:20]} 48. gxf6 {[%emt 0:00:10]} 1-0

[Event "24th Bosnjaci Open 2019"]
[Site "Bosnjaci"]
[Date "2019.01.04"]
[Round "2.12"]
[White "Golub, Nikolina"]
[Black "Muha, Miljenko"]
[Result "0-1"]
[WhiteElo "1925"]
[BlackElo "2310"]
[Annotator "NA"]
[PlyCount "90"]
[EventDate "2019.01.03"]
[EventType "swiss"]
[EventCountry "CRO"]
[SourceTitle "playchess.com"]
[Source "ChessBase"]
[SourceQuality "1"]
[TimeControl "5400+30"]

1. d4 {[%emt 0:00:30]} d5 {[%emt 0:00:30]} 2. c4 {[%emt 0:00:00]} e6 {[%emt 0:00:30]} 3. cxd5 {[%emt 0:00:00]} exd5 {[%emt 0:00:00]} 4. Nc3 {[%emt 0:00:00]} a6 {[%emt 0:02:00]} 5. Nf3 {[%emt 0:00:00]} Nf6 {[%emt 0:00:30]} 6. Bf4 {[%emt 0:00:30]} Bd6 {[%emt 0:16:30]} 7. Bxd6 {[%emt 0:02:30]} Qxd6 {[%emt 0:00:30]} 8. e3 {[%emt 0:00:30]} Bf5 {[%emt 0:01:30]} 9. Bd3 {[%emt 0:02:30]} Bxd3 {[%emt 0:00:00]} 10. Qxd3 {[%emt 0:00:00]} Nbd7 {[%emt 0:01:00]} 11. O-O {[%emt 0:00:00]} O-O {[%emt 0:00:30]} 12. Rac1 {[%emt 0:04:30]} Rfe8 {[%emt 0:06:30]} 13. Rfe1 {[%emt 0:03:30]} c6 {[%emt 0:09:30]} 14. b3 {[%emt 0:03:30]} Nf8 {[%emt 0:10:30]} 15. h3 {[%emt 0:10:30]} Ng6 {[%emt 0:03:30]} 16. Na4 {[%emt 0:04:30]} Ne4 {[%emt 0:02:30]} 17. Qc2 {[%emt 0:01:30]} Re7 {[%emt 0:01:30]} 18. Nc5 {[%emt 0:01:30]} Rae8 {[%emt 0:04:30]} 19. Nd3 {[%emt 0:03:30]} Nf8 {[%emt 0:12:30]} 20. Nd2 {[%emt 0:09:30]} Qh6 {[%emt 0:05:30]} 21. Nxe4 {[%emt 0:03:30]} Rxe4 {[%emt 0:00:51]} 22. Ne5 {[%emt 0:02:30]} Ng6 {[%emt 0:02:33]} 23. Nxg6 {[%emt 0:00:30]} hxg6 {[%emt 0:00:56]} 24. Qd2 {[%emt 0:09:30]} g5 {[%emt 0:00:21]} 25. f3 {[%emt 0:01:30]} R4e7 {[%emt 0:00:22]} 26. Re2 {[%emt 0:03:30]} Qd6 {[%emt 0:00:57]} 27. Kf2 {[%emt 0:02:30]} f5 {[%emt 0:04:57]} 28. Rce1 {[%emt 0:01:30]} g6 {[%emt 0:00:28]} 29. Qd3 {[%emt 0:02:30]} Kg7 {[%emt 0:01:25]} 30. g3 {[%emt 0:03:30]} Qe6 {[%emt 0:02:28]} 31. Kg2 {[%emt 0:03:30]} Rh8 {[%emt 0:00:05]} 32. g4 {[%emt 0:01:30]} fxg4 {[%emt 0:00:47]} 33. hxg4 {[%emt 0:00:30]} Qf6 {[%emt 0:01:30]} 34. Rf2 {[%emt 0:02:32]} Ree8 {[%emt 0:00:27]} 35. Rh1 {[%emt 0:02:19]} Rxh1 {[%emt 0:03:31]} 36. Kxh1 {[%emt 0:00:02]} Qe6 {[%emt 0:01:11]} 37. Re2 {[%emt 0:01:47]} Qd6 {[%emt 0:00:12]} 38. Rh2 {[%emt 0:04:27]} Qg3 {[%emt 0:00:28]} 39. Qe2 {[%emt 0:00:07]} Rf8 {[%emt 0:01:13]} 40. e4 {[%emt 0:03:24]} Rxf3 {[%emt 0:02:31]} 41. exd5 {[%emt 0:00:22]} Re3 {[%emt 0:00:10]} 42. Rg2 {[%emt 0:01:06]} Qh4+ {[%emt 0:00:10]} 43. Kg1 {[%emt 0:01:23]} Rxe2 {[%emt 0:00:05]} 44. Rxe2 {[%emt 0:00:03]} Qxg4+ {[%emt 0:00:07]} 45. Kf1 {[%emt 0:00:14]} Qf3+ {[%emt 0:00:10]} 0-1

[Event "24th Bosnjaci Open 2019"]
[Site "Bosnjaci"]
[Date "2019.01.04"]
[Round "2.13"]
[White "Bekcic, Martin"]
[Black "Stocko, Josip"]
[Result "0-1"]
[WhiteElo "1898"]
[BlackElo "2282"]
[Annotator "NA"]
[PlyCount "86"]
[EventDate "2019.01.03"]
[EventType "swiss"]
[EventCountry "CRO"]
[SourceTitle "playchess.com"]
[Source "ChessBase"]
[SourceQuality "1"]
[TimeControl "5400+30"]

1. d4 {[%emt 0:01:30]} Nf6 {[%emt 0:00:30]} 2. Bf4 {[%emt 0:00:30]} e6 {[%emt 0:00:00]} 3. e3 {[%emt 0:00:30]} Be7 {[%emt 0:01:00]} 4. Nf3 {[%emt 0:00:00]} b6 {[%emt 0:00:30]} 5. Bd3 {[%emt 0:01:00]} Bb7 {[%emt 0:00:00]} 6. h3 {[%emt 0:00:00]} O-O {[%emt 0:00:00]} 7. O-O {[%emt 0:00:00]} d5 {[%emt 0:02:30]} 8. Nbd2 {[%emt 0:00:30]} c5 {[%emt 0:05:30]} 9. c3 {[%emt 0:01:30]} Nbd7 {[%emt 0:05:30]} 10. Ne5 {[%emt 0:00:30]} a6 {[%emt 0:05:30]} 11. Qf3 {[%emt 0:04:30]} b5 {[%emt 0:09:30]} 12. Rfe1 {[%emt 0:02:30]} Rc8 {[%emt 0:08:30]} 13. Rac1 {[%emt 0:03:30]} Nb6 {[%emt 0:11:30]} 14. Bb1 {[%emt 0:01:30]} b4 {[%emt 0:04:30]} 15. b3 {[%emt 0:08:30]} bxc3 {[%emt 0:00:30]} 16. Rxc3 {[%emt 0:01:30]} cxd4 {[%emt 0:00:30]} 17. Rxc8 {[%emt 0:03:30]} Nxc8 {[%emt 0:00:30]} 18. exd4 {[%emt 0:00:30]} Nd6 {[%emt 0:09:30]} 19. Rc1 {[%emt 0:07:30]} Qb6 {[%emt 0:05:30]} 20. Qd3 {[%emt 0:06:30]} Nf5 {[%emt 0:00:30]} 21. Ndf3 {[%emt 0:02:30]} Ba3 {[%emt 0:01:30]} 22. Rc2 {[%emt 0:04:30]} Re8 {[%emt 0:11:35]} 23. g4 {[%emt 0:11:30]} Nd6 {[%emt 0:01:15]} 24. Qe3 {[%emt 0:10:30]} a5 {[%emt 0:03:05]} 25. Nd3 {[%emt 0:00:30]} Nfe4 {[%emt 0:01:43]} 26. Nc5 {[%emt 0:04:30]} f6 {[%emt 0:03:39]} 27. Na4 {[%emt 0:06:14]} Qd8 {[%emt 0:01:41]} 28. Nc5 {[%emt 0:00:58]} e5 {[%emt 0:01:38]} 29. Nxb7 {[%emt 0:04:16]} exf4 {[%emt 0:00:35]} 30. Qd3 {[%emt 0:07:10]} Nxb7 {[%emt 0:00:16]} 31. Qb5 {[%emt 0:00:53]} Nbd6 {[%emt 0:02:51]} 32. Qxd5+ {[%emt 0:02:14]} Kh8 {[%emt 0:00:10]} 33. Kg2 {[%emt 0:01:16]} Bb4 {[%emt 0:00:37]} 34. Rc1 {[%emt 0:00:44]} Qe7 {[%emt 0:01:30]} 35. Bd3 {[%emt 0:00:47]} Nxf2 {[%emt 0:01:06]} 36. Bc4 {[%emt 0:01:49]} Qe3 {[%emt 0:01:14]} 37. Rf1 {[%emt 0:00:25]} Nd3 {[%emt 0:00:56]} 38. Bxd3 {[%emt 0:00:23]} Qxd3 {[%emt 0:00:10]} 39. Rf2 {[%emt 0:01:07]} Qb5 {[%emt 0:00:47]} 40. Qxb5 {[%emt 0:00:34]} Nxb5 {[%emt 0:00:01]} 41. Rc2 {[%emt 0:00:31]} g5 {[%emt 0:00:19]} 42. Kf2 {[%emt 0:00:17]} Re3 {[%emt 0:00:22]} 43. Rc6 {[%emt 0:00:55]} Rxf3+ {[%emt 0:00:13]} 0-1